006130000a22001570004500090001400000245009700014650003500111650002500146650002400171041001400195100002800209942001300237773003000250999001700280952015800297 aARb0125610aInteracciones entre el depredador y su presa y la evolución de la diversidad en el aspecto14aEvolución biológica99452514aLepidópteros9475614aPolimorfismo9560500 aEspañol1 aRand, A. Stanley915820 cARTICULO1 tPreprint33q21-26d1970? c10341d10341 001040718HEMEROTECAaBogotabBogotad2015-02-27hFuera de circulaciónl0oAR 01256p011584r2015-03-25 00:00:00t1w2015-03-25xDonaciónyARTICULO